A Quest for Global Peace: Rotblat and Ikeda on War, Ethics and the Nuclear Threat (Record no. 358530)

MARC details
000 -LEADER
fixed length control field 00807nam a2200241Ia 4500
008 - FIXED-LENGTH DATA ELEMENTS--GENERAL INFORMATION
fixed length control field 191130s2007##################000#0#eng##
020 ## - INTERNATIONAL STANDARD BOOK NUMBER
ISBN 9781845112790
082 ## - DEWEY DECIMAL CLASSIFICATION NUMBER
Classification number 327.174 ROT
100 ## - MAIN ENTRY--AUTHOR NAME
Personal name Rotblat, Joseph
245 ## - TITLE STATEMENT
Title A Quest for Global Peace: Rotblat and Ikeda on War, Ethics and the Nuclear Threat
Statement of responsibility, etc Joseph Rotblat & Daisaku Ikeda
260 ## - PUBLICATION, DISTRIBUTION, ETC. (IMPRINT)
Place of publication New York
Name of publisher I.B. Tauris
Year of publication 2007
300 ## - PHYSICAL DESCRIPTION
Number of Pages 1 online resource (xv, 157 p.) : ill. ; 23 cm
500 ## - GENERAL NOTE
General note Includes index
650 ## - SUBJECT ADDED ENTRY--TOPICAL TERM
Topical Term Nuclear nonproliferation
Topical Term Peace
Topical Term POLITICAL SCIENCE -- International Relations -- Arms Control
Topical Term War -- Moral and ethical aspects
700 ## - ADDED ENTRY--PERSONAL NAME
Personal name Ikeda, Daisaku
991 ## -
-- 137472
Holdings
Withdrawn status Lost status Damaged status Not for loan Home library Current library Shelving location Date acquired Full call number Accession Number Price effective from Koha item type
        Anna Centenary Library Anna Centenary Library 3RD FLOOR, B WING 17.10.2020 327.174 ROT 310763 17.10.2020 English Books

Find us on the map